| 000 | 01185cam a2200193 4500500 | ||
|---|---|---|---|
| 005 | 20260329082921.0 | ||
| 041 | _afre | ||
| 042 | _adc | ||
| 100 | 1 | 0 |
_aBerthaud, Yves _eauthor |
| 700 | 1 | 0 |
_aBaron, Cécile _eauthor |
| 700 | 1 | 0 |
_aLe Carrou, Jean-Loïc _eauthor |
| 700 | 1 | 0 |
_aSultan, Éric _eauthor |
| 700 | 1 | 0 |
_aHaliyo, Sinan _eauthor |
| 700 | 1 | 0 |
_aLe Moyne, Sylvie _eauthor |
| 245 | 0 | 0 | _aIntroduction A la mécanique des solides : Cours et exercices corrigés |
| 260 |
_bDunod,
_c2022. |
||
| 520 | _aCet ouvrage présente l’ensemble des notions abordées en mécanique des solides durant les première et deuxième années de Licence : vitesse, rotation, dérivée vectorielle, champ et composition des vitesses et des accélérations, cinématiques 2D et graphique, centre instantané de rotation, vitesse de glissement, mécanique du point. Le cours est richement illustré d'exemples sous forme d’encarts pour vous accompagner jusqu’à l’examen. Conseils méthodologiques et exercices corrigés complètent le cours. | ||
| 856 | 4 | 1 | _uhttps://stm.cairn.info/introduction-a-la-mecanique-des-solides--9782100826643?lang=fr&redirect-ssocas=7080 |
| 999 |
_c2031328 _d2031328 |
||